Real estate valuation : guide to investment strategies

Bibliographic Details
Main Authors: Grisson, Terry Vaughn (Author), Diaz, Julian (Author)
Format: Book
Language:English
Published: New York : John Wiley & Sons 1991
Subjects:

MARC

LEADER 00000cam a2200000 7i4500
001 0000000878
005 20240919.0
008 991124 nyu eng
020 |a 0471600873 
040 |a INS   |b eng   |e rda 
090 0 0 |a HD1387   |b .G75 1991 
100 1 |a Grisson, Terry Vaughn ,   |e author 
245 1 0 |a Real estate valuation :   |b guide to investment strategies   |c by Terry Vaughn Grisson, Julian Daiz III 
264 1 |a New York :   |b John Wiley & Sons   |c 1991 
300 |a xvii, 452 pages :   |b illustrations ;   |c 25 cm. 
336 |a text  |2 rdacontent 
337 |a unmediated  |2 rdamedia 
338 |a volume  |2 rdacarrier 
504 |a Includes bibliographical references and index 
650 0 |a Real estate investment 
650 0 |a Tax assessment 
700 1 |a Diaz, Julian ,   |e author 
999 |a 0000006612   |b BOOK   |c Open Shelf   |e Default branch 
999 |a 0000006750   |b BOOK   |c Open Shelf   |e Default branch